Lares viales en el Conventus Asturum (Record no. 69183)
[ view plain ]
| 000 -LEADER | |
|---|---|
| campo de control de longitud fija | 01101nam a2200265 i 4500 |
| 001 - NÚMERO DE CONTROL | |
| campo de control | 69183 |
| 003 - IDENTIFICADOR DE NÚMERO DE CONTROL | |
| campo de control | ES-MaACL |
| 005 - FECHA Y HORA DE LA ÚLTIMA TRANSACCIÓN | |
| campo de control | 20230906170445.0 |
| 007 - CAMPO FIJO DE DESCRIPCIÓN FÍSICA--INFORMACIÓN GENERAL | |
| campo de control de longitud fija | t| |
| 008 - DATOS DE LONGITUD FIJA--INFORMACIÓN GENERAL | |
| campo de control de longitud fija | 040916s2002 sp a |||| | spa d |
| 080 ## - NÚMERO DE LA CLASIFICACIÓN DECIMAL UNIVERSAL | |
| Número de la Clasificación Decimal Universal | 904(460.11/.12):7.032(37) |
| 100 0# - ENTRADA PRINCIPAL--NOMBRE DE PERSONA | |
| Nombre de persona | Gómez-Tabanera, José Manuel, |
| Fechas asociadas al nombre | 1926-2011 |
| 9 (RLIN) | 58165 |
| 245 10 - MENCIÓN DEL TÍTULO | |
| Título | Lares viales en el Conventus Asturum |
| Resto del título | : los dioses de los caminos en el N.O. y Asturia romanos / |
| Mención de responsabilidad, etc. | José Manuel Gómez-Tabanera. |
| 260 ## - PUBLICACIÓN, DISTRIBUCIÓN, ETC. | |
| Lugar de publicación, distribución, etc. | [Madrid] : |
| Nombre del editor, distribuidor, etc. | CSIC, Instituto de la Lengua Española, |
| Fecha de publicación, distribución, etc. | [2002] |
| 300 ## - DESCRIPCIÓN FÍSICA | |
| Extensión | 27 p. : |
| Otras características físicas | il. ; |
| Dimensiones | 21 cm. |
| 504 ## - NOTA DE BIBLIOGRAFÍA, ETC. | |
| Nota de bibliografía, etc. | Bibliografía: p. 26-27. |
| 594 ## - Nota al título y mención de responsabilidad | |
| Nota al título y mención de responsabilidad | En port.: VI Congreso Internacional de Caminería Hispánica. |
| 650 04 - PUNTO DE ACCESO ADICIONAL DE MATERIA--TÉRMINO DE MATERIA | |
| Término de materia o nombre geográfico como elemento de entrada | Caminos- |
| Subdivisión geográfica | España. |
| 9 (RLIN) | 10701 |
| 651 #4 - PUNTO DE ACCESO ADICIONAL DE MATERIA--NOMBRE GEOGRÁFICO | |
| Nombre geográfico | Asturias (Comunidad Autónoma)- |
| Subdivisión general | Restos arqueológicos romanos. |
| 9 (RLIN) | 7833 |
| 651 #4 - PUNTO DE ACCESO ADICIONAL DE MATERIA--NOMBRE GEOGRÁFICO | |
| Nombre geográfico | Galicia- |
| Subdivisión general | Restos arqueológicos romanos. |
| 9 (RLIN) | 8738 |
| 710 2# - ENTRADA AGREGADA--NOMBRE DE ENTIDAD CORPORATIVA | |
| Nombre de entidad corporativa o nombre de jurisdicción como elemento de entrada | Instituto de la Lengua Española. |
| 9 (RLIN) | 149379 |
| 711 2# - ENTRADA AGREGADA--NOMBRE DE REUNIÓN | |
| Nombre de congreso/reunión o jurisdicción como elemento de entrada | Congreso Internacional de Caminería Hispánica ( |
| Número del congreso/reunión o número de parte o sección | 6º. |
| Fecha del congreso o de la firma del tratado | 2002. |
| Sede del congreso/Lugar de la reunión | L'Aquila y Madrid) |
| 9 (RLIN) | 415 |
| 852 ## - LOCALIZACIÓN | |
| Ubicación | ES-MaACL |
| Número de control de estantería | 2179-F-23 |
| Estatus retirado | Estado de pérdida | Estado de daño | No para préstamo | Colección | Biblioteca de origen | Biblioteca actual | Ubicación en estantería | Fecha de adquisición | Fuente de adquisición | Total de préstamos | Signatura topográfica completa | Código de barras | Visto por última vez | Precio de reemplazo | Tipo de ítem Koha |
|---|---|---|---|---|---|---|---|---|---|---|---|---|---|---|---|
| Colección de folletos | Biblioteca del Ateneo de Madrid | Biblioteca del Ateneo de Madrid | Depósito folletos | 17/01/2008 | 2179-F-23 | 1072443 | 23/02/2023 | 23/02/2023 | Folleto |
